| 000 | 00779nam a2200265 a 4500 | ||
|---|---|---|---|
| 001 | BD-DhNSU-30965 | ||
| 003 | BD-DhNSU | ||
| 005 | 20260422114850.0 | ||
| 008 | 260422s1981 bg ||||g vw|| 001 0|eng d | ||
| 040 |
_aDLC _cBD-DhNSU _dBD-DhNSU |
||
| 041 | _aeng | ||
| 050 | 0 | 0 |
_aKNG19 _b.A2B36 1981 |
| 245 | 0 | 0 |
_aBangladesh legal decisions , _nVol. 1/ _cedited by Mahmudul Islam. |
| 246 |
_aBLD _bVolume I |
||
| 260 |
_aDacca : _bBangladesh Bar Council, _c1981. |
||
| 300 |
_avp ; _c25 cm. |
||
| 500 | _a1981 Reg. No. DA. 513 | ||
| 526 | _aLaw | ||
| 590 | _aSumaiya Kainat Bintey Kohinoor | ||
| 650 | 0 |
_aLaw reports digests etc _zBangladesh. |
|
| 650 | 4 | _aLaw reports digests etc | |
| 700 | 1 |
_aIslam, Mahmudul _eeditor |
|
| 710 | _aBangladesh Bar Council. | ||
| 942 |
_2lcc _cBK |
||
| 999 |
_c30965 _d30965 |
||